[Event "278th YMCA Autumn A"]
[Site "Warsaw"]
[Date "2023.10.20"]
[Round "5"]
[White "Makowski, Tomasz"]
[Black "Kaniak, Monika"]
[Result "1-0"]
[WhiteElo "1775"]
[BlackElo "1796"]
[PlyCount "81"]
[EventDate "2023.09.22"]
[EventType "tourn"]
[EventRounds "1"]
[EventCountry "POL"]
[SourceDate "2023.09.29"]

1. d4 e6 2. c4 b6 3. Nc3 Bb7 4. Nf3 Nf6 5. g3 d6 6. Bg2 Nbd7 7. O-O Be7 8. Re1
Ne4 9. d5 Nxc3 10. bxc3 e5 11. e4 O-O 12. Be3 Nc5 13. Qc2 Bc8 14. Nd2 Bg5 15.
f4 exf4 16. gxf4 Bh4 17. Rf1 f5 18. e5 Qe7 19. Nf3 Bd7 20. Bxc5 bxc5 21. Rab1
dxe5 22. Nxe5 Rab8 23. Qd3 Rxb1 24. Rxb1 Re8 25. Rb7 Qd6 26. Rb1 Bc8 27. Qe3
Ba6 28. Bf1 g5 29. Qh3 gxf4 30. Nf3 Qg6+ 31. Kh1 Bf2 32. Rb2 Qg4 33. Rxf2 Qxh3
34. Bxh3 Bxc4 35. Bxf5 Bxd5 36. Kg1 Re3 37. Nh4 Rxc3 38. Rxf4 Bxa2 39. Ra4 Rc1+
40. Kf2 Rc4 41. Be6+ 1-0

[Event "278th YMCA Autumn A"]
[Site "Warsaw"]
[Date "2023.10.20"]
[Round "5"]
[White "Basiaga, Sebastian"]
[Black "Pettersson, Alexander"]
[Result "1/2-1/2"]
[WhiteElo "1856"]
[BlackElo "1820"]
[PlyCount "107"]
[EventDate "2023.09.22"]
[EventType "tourn"]
[EventRounds "1"]
[EventCountry "POL"]
[SourceDate "2023.09.29"]

1. e4 c6 2. d4 d5 3. exd5 cxd5 4. Bd3 Nc6 5. c3 Nf6 6. Bf4 Bg4 7. Qb3 Qd7 8.
Nd2 e6 9. h3 Bh5 10. Ngf3 Bxf3 11. Nxf3 Bd6 12. Be3 O-O 13. O-O Rac8 14. Rfe1
Qc7 15. Bg5 Nd7 16. Rad1 Rfe8 17. Bb1 Nf8 18. a4 Na5 19. Qc2 Nc4 20. Bc1 a6 21.
Ng5 h6 22. Nf3 b5 23. axb5 axb5 24. Qd3 b4 25. Re2 bxc3 26. bxc3 Rb8 27. Ba2
Rec8 28. Rc2 Ng6 29. g3 Nf8 30. Kg2 Nd7 31. Nd2 Ndb6 32. Nxc4 Nxc4 33. h4 Rb6
34. Re1 Rc6 35. h5 Nb6 36. Bb1 Nd7 37. Ra2 Nf6 38. Bd2 Rb6 39. Qf3 Be7 40. Bd3
Qb7 41. Re2 Qc7 $11 42. Be1 Rbb8 43. Bd2 Qd8 44. Re1 Ra8 45. Rb2 Rcb8 46. Reb1
Rxb2 47. Rxb2 Rb8 48. Rc2 Rb3 49. Ra2 Qb8 50. Be1 Rb2 51. Ra6 Rb6 52. Ra2 Rb2
53. Ra6 Rb6 54. Ra2 $11 1/2-1/2

[Event "278th YMCA Autumn A"]
[Site "Warsaw"]
[Date "2023.10.19"]
[Round "5"]
[White "Sternik, Piotr"]
[Black "Kania, Tomasz"]
[Result "1-0"]
[WhiteElo "1829"]
[BlackElo "1703"]
[PlyCount "53"]
[EventDate "2023.09.22"]
[EventType "tourn"]
[EventRounds "1"]
[EventCountry "POL"]
[SourceDate "2023.09.29"]

1. d4 Nf6 2. Bg5 d5 3. Bxf6 exf6 4. e3 Bd6 5. Bd3 O-O 6. h3 f5 7. Nf3 f4 8. O-O
fxe3 9. fxe3 Nd7 10. Nc3 Nf6 11. e4 dxe4 12. Nxe4 Nxe4 13. Bxe4 c6 14. c3 f5
15. Bd3 Qf6 16. Re1 Bg3 17. Qb3+ Kh8 18. Re2 g5 19. Rf1 g4 20. hxg4 f4 21. g5
Qg7 22. Qb4 Bg4 23. Re7 Rf7 24. Rxf7 Qxf7 25. Ne5 Qh5 26. Nxg4 Qxg4 27. Qe7 1-0

[Event "278th YMCA Autumn A"]
[Site "Warsaw"]
[Date "2023.10.20"]
[Round "5"]
[White "Choroszej, Aleksander"]
[Black "Polak, Michal"]
[Result "0-1"]
[WhiteElo "1878"]
[BlackElo "1947"]
[PlyCount "56"]
[EventDate "2023.09.22"]
[EventType "tourn"]
[EventRounds "1"]
[EventCountry "POL"]
[SourceDate "2023.09.29"]

1. d4 Nf6 2. c4 e6 3. Nc3 Bb4 4. f3 c5 5. d5 d6 6. e4 O-O 7. Nge2 b5 8. Nf4 e5
9. Nfe2 bxc4 10. Ng3 Nfd7 11. Bxc4 Nb6 12. Be2 f5 13. exf5 Bb7 14. O-O Bxc3 15.
bxc3 Bxd5 16. Ne4 Rxf5 17. Nxd6 Qxd6 18. c4 Nc6 19. cxd5 Nd4 20. Ba3 Nxd5 21.
Bc4 Kh8 22. Qd2 Nf4 23. Rad1 Rd8 24. Qe3 Qh6 25. Qe4 Rh5 26. h3 Qg5 27. g4 Qh4
28. Qe1 Nxh3+ 0-1

[Event "278th YMCA Autumn A"]
[Site "Warsaw"]
[Date "2023.10.20"]
[Round "5"]
[White "Pietrzak, Wojciech"]
[Black "Adamski, Adam"]
[Result "1/2-1/2"]
[WhiteElo "1717"]
[BlackElo "1761"]
[PlyCount "97"]
[EventDate "2023.09.22"]
[EventType "tourn"]
[EventRounds "1"]
[EventCountry "POL"]
[SourceDate "2023.09.29"]

1. e4 c6 2. d4 d5 3. exd5 cxd5 4. c4 Nf6 5. Nc3 g6 6. c5 Bg7 7. Bb5+ Bd7 8.
Nge2 O-O 9. O-O Bxb5 10. Nxb5 Nc6 11. h3 Ne4 12. Nbc3 Nf6 13. Rb1 e6 14. b4 Qd7
15. b5 Na5 16. Qa4 Nc4 17. c6 Qe7 18. cxb7 Qxb7 19. Qb4 Rfc8 20. a4 a5 21. Qb3
Nb6 22. Be3 Rc4 23. Rfc1 Rac8 24. Nf4 Nfd7 25. Nce2 Rxa4 26. Nd3 Rac4 27. Qa3
Rxc1+ 28. Nexc1 Nc4 29. Qa2 Qb6 30. Nc5 Rc7 31. Na4 Qd6 32. Nd3 Ndb6 33. Bf4
Qe7 34. Nxb6 Nxb6 35. Bxc7 Qxc7 36. Ne5 Bxe5 37. dxe5 a4 38. Qa1 Qc4 39. Qb2 d4
40. Rd1 d3 41. Qa3 Qxb5 42. Rxd3 Nd5 43. Rd4 Qb1+ 44. Kh2 Qe1 $11 45. f4 h5 46.
Rxa4 Qd2 47. Qg3 Ne3 48. Qf3 Qe1 49. Ra1 $11 1/2-1/2

[Event "278th YMCA Autumn A"]
[Site "Warsaw"]
[Date "2023.10.19"]
[Round "5"]
[White "Liberadzki, Slawomir"]
[Black "Mazurek, Jerzy"]
[Result "1-0"]
[WhiteElo "1958"]
[BlackElo "1746"]
[PlyCount "63"]
[EventDate "2023.09.22"]
[EventType "tourn"]
[EventRounds "1"]
[EventCountry "POL"]
[SourceDate "2023.09.29"]

1. c4 e5 2. Nc3 Nc6 3. g3 Bc5 4. Nf3 a6 5. Bg2 d6 6. a3 Ba7 7. d3 Nge7 8. b4
Nd4 9. e3 Nxf3+ 10. Qxf3 O-O 11. O-O c6 12. b5 axb5 13. cxb5 d5 14. a4 d4 15.
bxc6 bxc6 16. Nb5 dxe3 17. Nxa7 Rxa7 18. Qxe3 Qc7 19. Bb2 f6 20. d4 exd4 21.
Bxd4 Rb7 22. Bc5 Rd8 23. a5 Nd5 24. Bxd5+ cxd5 25. Bb6 Rxb6 26. Qxb6 Qxb6 27.
axb6 Bb7 28. Ra7 Rb8 29. Rc1 d4 30. Rxb7 Rxb7 31. Rc8+ Kf7 32. Rc7+ 1-0

[Event "278th YMCA Autumn A"]
[Site "Warsaw"]
[Date "2023.10.27"]
[Round "6"]
[White "Polak, Michal"]
[Black "Pietrzak, Wojciech"]
[Result "0-1"]
[WhiteElo "1947"]
[BlackElo "1717"]
[PlyCount "86"]
[EventDate "2023.09.22"]
[EventType "tourn"]
[EventRounds "1"]
[EventCountry "POL"]
[SourceDate "2023.09.29"]

1. d4 Nf6 2. Nf3 d5 3. g3 e6 4. Bg2 c5 5. c4 Nc6 6. O-O dxc4 7. dxc5 Qxd1 8.
Rxd1 Bxc5 9. Nbd2 c3 10. bxc3 Nd5 11. Bb2 O-O 12. Nb3 Be7 13. Nfd4 Bd7 14. Nf5
exf5 15. Bxd5 Be6 16. c4 Rfd8 17. a3 a5 18. Rd3 a4 19. Nd2 Bc5 20. Nf3 Ne7 21.
Bxe6 fxe6 22. Rad1 Nc6 23. Ng5 Rxd3 24. Rxd3 e5 25. Ne6 Be7 26. Rd7 Kf7 27. Nc5
b6 28. Nd3 Ke6 29. Rb7 Ra6 30. Nxe5 Nxe5 31. Bxe5 Bxa3 32. Bxg7 Bc1 33. Bd4 a3
34. Rxh7 Bb2 35. Rh6+ Kf7 36. Rh7+ Kg6 37. Rg7+ Kh6 38. Rd7 Bxd4 39. Rxd4 a2
40. Rd6+ Kg7 41. Rd1 a1=Q 42. Rxa1 Rxa1+ 43. Kg2 Rc1 0-1

[Event "278th YMCA Autumn A"]
[Site "Warsaw"]
[Date "2023.10.27"]
[Round "6"]
[White "Kania, Tomasz"]
[Black "Choroszej, Aleksander"]
[Result "1/2-1/2"]
[WhiteElo "1703"]
[BlackElo "1878"]
[PlyCount "79"]
[EventDate "2023.09.22"]
[EventType "tourn"]
[EventRounds "1"]
[EventCountry "POL"]
[SourceDate "2023.09.29"]

1. e4 g6 2. d4 Bg7 3. Nc3 d6 4. h3 a6 5. a4 b6 6. g4 Bb7 7. Bg2 Nf6 8. Nge2 O-O
9. O-O e5 10. d5 h5 11. Bg5 hxg4 12. hxg4 Qe8 13. Ng3 Nbd7 14. Be3 Qe7 15. g5
Nh7 16. Qd2 f6 17. gxf6 Ndxf6 18. Bh3 Bc8 19. Bxc8 Raxc8 20. Qe2 Ra8 21. Kg2
Qd7 22. f3 Rf7 23. Rh1 a5 24. Rh3 Nf8 25. Rah1 Qe7 26. Bg5 Qd7 27. Kg1 N6h7 28.
Be3 Qe7 29. Nf1 Ng5 30. Rg3 Nfh7 31. Nh2 Raf8 32. Qg2 Rf4 33. Ne2 Qf6 34. Bxf4
exf4 35. Rg4 Qxb2 36. Rxg5 Bd4+ 37. Nxd4 Qxd4+ 38. Kf1 Qd1+ 39. Kf2 Qd2+ 40.
Kf1 $11 1/2-1/2

[Event "278th YMCA Autumn A"]
[Site "Warsaw"]
[Date "2023.10.26"]
[Round "6"]
[White "Pettersson, Alexander"]
[Black "Sternik, Piotr"]
[Result "0-1"]
[WhiteElo "1820"]
[BlackElo "1829"]
[PlyCount "114"]
[EventDate "2023.09.22"]
[EventType "tourn"]
[EventRounds "1"]
[EventCountry "POL"]
[SourceDate "2023.09.29"]

1. d4 Nf6 2. c4 e6 3. Nf3 d5 4. Nc3 c6 5. e3 Bd6 6. Be2 O-O 7. O-O Nbd7 8. b3
Re8 9. Bb2 e5 10. dxe5 Bxe5 11. Nxe5 Nxe5 12. cxd5 Nxd5 13. Nxd5 cxd5 14. Qd4
f6 15. Rfd1 Be6 16. Rac1 Rc8 17. Qxa7 Ra8 18. Qxb7 Rxa2 19. Rd2 Qb8 20. Qxb8
Rxb8 21. Bxe5 Rxd2 22. Bxb8 Rxe2 23. b4 Rb2 24. Bd6 Bd7 25. h3 Kf7 26. Rc7 Ke6
27. Bc5 Rb1+ 28. Kh2 Rb2 29. Kg3 Rb3 30. Rb7 Rb2 31. Rb6+ Kf7 32. Rd6 Be6 33.
f4 Bf5 34. Rxd5 Be4 35. Rd7+ Ke6 36. Re7+ Kf5 37. Rxe4 Kxe4 38. Kh2 h5 39. h4
f5 40. Kg3 Kd3 41. Kf3 g6 42. Bd6 Rb1 43. Kf2 Ke4 44. Bc5 Rh1 45. Bd4 Rxh4 46.
b5 Rh1 47. b6 Rb1 48. Kg3 g5 49. fxg5 f4+ 50. exf4 Kxd4 51. f5 Ke5 52. f6 Rxb6
53. Kh4 Ke6 54. Kxh5 Kf7 55. Kh6 Rb1 56. Kh5 Rh1+ 57. Kg4 Kg6 0-1

[Event "278th YMCA Autumn A"]
[Site "Warsaw"]
[Date "2023.10.26"]
[Round "6"]
[White "Kaniak, Monika"]
[Black "Basiaga, Sebastian"]
[Result "1/2-1/2"]
[WhiteElo "1796"]
[BlackElo "1856"]
[PlyCount "48"]
[EventDate "2023.09.22"]
[EventType "tourn"]
[EventRounds "1"]
[EventCountry "POL"]
[SourceDate "2023.09.29"]

1. d4 d5 2. Nf3 Nf6 3. c4 c6 4. Nc3 e6 5. Bg5 dxc4 6. a4 Bb4 7. Bxf6 Qxf6 8. e3
b5 9. Be2 Bxc3+ 10. bxc3 Nd7 11. O-O O-O 12. Qb1 a6 13. Nd2 Rb8 14. f4 Bb7 15.
Bf3 c5 16. Bxb7 Rxb7 17. Nxc4 cxd4 18. cxd4 Rfb8 19. axb5 axb5 20. Ne5 Nxe5 21.
fxe5 Qg6 22. Qb3 h6 23. Rab1 Rc7 24. Rb2 Rbb7 1/2-1/2

[Event "278th YMCA Autumn A"]
[Site "Warsaw"]
[Date "2023.10.27"]
[Round "6"]
[White "Kasperkiewicz, Pawel"]
[Black "Makowski, Tomasz"]
[Result "1-0"]
[WhiteElo "1784"]
[BlackElo "1775"]
[PlyCount "76"]
[EventDate "2023.09.22"]
[EventType "tourn"]
[EventRounds "1"]
[EventCountry "POL"]
[SourceDate "2023.09.29"]

1. e4 e6 2. d4 d5 3. exd5 exd5 4. Nf3 Nc6 5. Bb5 Bd7 6. O-O Bd6 7. Re1+ Nge7 8.
c4 dxc4 9. Bxc4 h6 10. Nc3 O-O 11. h3 Re8 12. a3 Ng6 13. Rxe8+ Qxe8 14. Qc2
Nce7 $11 15. Be3 c6 16. Re1 Qf8 17. Ba2 Bf5 18. Qd2 Rd8 19. d5 Bb8 20. Bc5 b6
21. Bxe7 Nxe7 22. Nd4 Bg6 23. Rxe7 Qxe7 24. Nxc6 Qd6 25. Nxd8 Qh2+ 26. Kf1 Qh1+
27. Ke2 Qxg2 28. Qe3 Bh5+ 29. Kd2 g5 30. Qe8+ Kg7 31. Ne6+ fxe6 32. Qxh5 Qxf2+
33. Qe2 Qd4+ 34. Kc2 e5 35. Bb3 Qh4 36. Qg4 Qxg4 37. hxg4 Kg6 38. Ba4 h5 1-0

[Event "278th YMCA Autumn A"]
[Site "Warsaw"]
[Date "2023.11.01"]
[Round "7"]
[White "Basiaga, Sebastian"]
[Black "Kasperkiewicz, Pawel"]
[Result "1/2-1/2"]
[WhiteElo "1856"]
[BlackElo "1784"]
[PlyCount "117"]
[EventDate "2023.09.22"]
[EventType "tourn"]
[EventRounds "1"]
[EventCountry "POL"]
[SourceDate "2023.09.29"]

1. e4 e5 2. Nf3 Nc6 3. d4 exd4 4. Nxd4 Nf6 5. Nxc6 bxc6 6. e5 Qe7 7. Qe2 Nd5 8.
c4 Ba6 9. b3 O-O-O 10. Bb2 f6 11. g3 fxe5 12. Bg2 e4 13. O-O Nf6 14. Qe3 Kb8
15. Re1 d5 16. Nd2 Qf7 17. h3 Bb7 18. Rac1 Bb4 19. a3 Bxd2 20. Qxd2 d4 21. c5
Qxb3 22. Bxd4 Qd3 23. Qxd3 exd3 24. Bxf6 gxf6 25. Rcd1 Rd4 26. Re4 Rhd8 27. Rd2
h6 28. f4 Ba6 29. Kf2 Rxe4 30. Bxe4 Rd4 31. Ke3 Ra4 32. Rb2+ Kc8 33. Rb3 Ra5
34. Bf5+ Kd8 35. Bxd3 Bxd3 36. Rxd3+ Ke7 37. Rc3 Ke6 38. Ke4 f5+ 39. Kf3 h5 40.
g4 hxg4+ 41. hxg4 fxg4+ 42. Kxg4 Kf6 43. Rh3 Rxc5 44. Rh7 Ra5 45. Rxc7 Rxa3 46.
Rxc6+ Kf7 47. Kg5 Rb3 48. Rc7+ Kf8 49. Rxa7 Rb6 50. f5 Rc6 51. Rh7 Ra6 52. Rh6
Rxh6 53. Kxh6 Kf7 54. Kg5 Kg7 55. f6+ Kf7 56. Kf5 Kf8 57. Ke6 Ke8 58. f7+ Kf8
59. Kf6 1/2-1/2

[Event "278th YMCA Autumn A"]
[Site "Warsaw"]
[Date "2023.11.02"]
[Round "7"]
[White "Sternik, Piotr"]
[Black "Kaniak, Monika"]
[Result "1/2-1/2"]
[WhiteElo "1829"]
[BlackElo "1796"]
[PlyCount "39"]
[EventDate "2023.09.22"]
[EventType "tourn"]
[EventRounds "1"]
[EventCountry "POL"]
[SourceDate "2023.09.29"]

1. d4 e6 2. Nf3 b6 3. c4 Bb7 4. e3 Nf6 5. Bd3 Be7 6. Nc3 d5 7. cxd5 Nxd5 8.
Nxd5 exd5 9. Qc2 h6 10. O-O Nd7 11. Re1 O-O 12. e4 Bb4 13. Rd1 dxe4 14. Bxe4
Bxe4 15. Qxe4 Nf6 16. Qh4 Nd5 17. Qg4 Nf6 18. Qh4 Nd5 19. Qg4 Nf6 20. Qh4
1/2-1/2

[Event "278th YMCA Autumn A"]
[Site "Warsaw"]
[Date "2023.11.03"]
[Round "7"]
[White "Choroszej, Aleksander"]
[Black "Pettersson, Alexander"]
[Result "1-0"]
[WhiteElo "1878"]
[BlackElo "1820"]
[PlyCount "79"]
[EventDate "2023.09.22"]
[EventType "tourn"]
[EventRounds "1"]
[EventCountry "POL"]
[SourceDate "2023.09.29"]

1. d4 Nf6 2. c4 d6 3. Nc3 Nbd7 4. e4 e5 5. Nf3 g6 6. Be2 Bg7 7. O-O O-O 8. Re1
Re8 9. Bf1 c6 10. Rb1 a6 11. h3 b5 12. a3 exd4 13. Nxd4 Bb7 14. f3 bxc4 15.
Bxc4 d5 16. exd5 Rxe1+ 17. Qxe1 cxd5 18. Ba2 Qb6 19. Be3 Re8 20. Qf2 Nh5 21.
Rd1 Qd6 22. Nde2 Ne5 23. Bc5 Qc7 24. Nxd5 Bxd5 25. Bxd5 Nd7 26. Bd4 Qc2 27. Nc3
Bxd4 28. Rxd4 Qc1+ 29. Rd1 Qg5 30. Bxf7+ Kxf7 31. Rxd7+ Kg8 32. Qd2 Nf4 33. Ne4
Qf5 34. Rd8 Rxd8 35. Qxd8+ Kg7 36. Qe7+ Kh6 37. Qf6 Ne2+ 38. Kf2 Qb5 39. Qf8+
Kh5 40. g4+ 1-0

[Event "278th YMCA Autumn A"]
[Site "Warsaw"]
[Date "2023.11.03"]
[Round "7"]
[White "Pietrzak, Wojciech"]
[Black "Kania, Tomasz"]
[Result "0-1"]
[WhiteElo "1717"]
[BlackElo "1703"]
[PlyCount "76"]
[EventDate "2023.09.22"]
[EventType "tourn"]
[EventRounds "1"]
[EventCountry "POL"]
[SourceDate "2023.09.29"]

1. e4 c6 2. d4 d5 3. exd5 cxd5 4. c4 Nf6 5. Nc3 e6 6. Nf3 Bb4 7. Qc2 O-O 8. Bg5
h6 9. Bh4 b6 10. Bd3 Bb7 11. O-O dxc4 12. Be4 Bxe4 13. Nxe4 Nbd7 14. Ne5 Be7
15. Nc6 Qe8 16. Nxe7+ Qxe7 17. f4 Rac8 18. Rae1 Qb4 19. Nxf6+ Nxf6 20. Bxf6
gxf6 21. Re3 f5 22. Qf2 Kh7 23. Qh4 Rg8 24. Qf6 Rc7 25. Qe5 Rd7 26. Rd1 Qxb2
27. Re2 Qb4 28. Kh1 Qd6 29. Qe3 Qd5 30. Qh3 Rg4 31. Re5 Qc6 32. d5 Rxd5 33.
Rdxd5 exd5 34. Rxf5 Rg7 35. Re5 d4 36. Re2 d3 37. Rf2 Qe4 38. Kg1 c3 0-1

[Event "278th YMCA Autumn A"]
[Site "Warsaw"]
[Date "2023.11.07"]
[Round "7"]
[White "Liberadzki, Slawomir"]
[Black "Polak, Michal"]
[Result "1-0"]
[WhiteElo "1958"]
[BlackElo "1947"]
[PlyCount "87"]
[EventDate "2023.09.22"]
[EventType "tourn"]
[EventRounds "1"]
[EventCountry "POL"]
[SourceDate "2023.09.29"]

1. c4 e5 2. Nc3 Nc6 3. g3 g6 4. Bg2 Bg7 5. Nf3 Nge7 6. O-O O-O 7. Rb1 a5 8. a3
d6 9. d3 f5 10. Nd5 Nxd5 11. cxd5 Ne7 12. b4 axb4 13. axb4 h6 14. Qb3 Kh7 15.
b5 Bd7 16. Ba3 Nc8 17. b6 cxb6 18. Nd2 b5 19. Rfc1 Qb6 20. Bb4 Ra4 21. Qc3 Rf7
22. Qc7 Qa6 23. Qb8 Qa8 24. Qxa8 Rxa8 25. Rc7 Be8 26. Rbc1 Rxc7 27. Rxc7 Ra1+
28. Bf1 Nb6 29. Bxd6 Rd1 30. Bxe5 Nd7 31. Bxg7 Kxg7 32. Nf3 Kf6 33. Rxb7 Rb1
34. Kg2 b4 35. Nd2 Rb2 36. Nc4 Rb1 37. e4 fxe4 38. dxe4 Nc5 39. e5+ Kg5 40. h4+
Kf5 41. Rc7 Ne4 42. Bd3 Rd1 43. Ne3+ Kxe5 44. Nxd1 1-0

[Event "278th YMCA Autumn A"]
[Site "Warsaw"]
[Date "2023.11.03"]
[Round "7"]
[White "Mazurek, Jerzy"]
[Black "Adamski, Adam"]
[Result "0-1"]
[WhiteElo "1746"]
[BlackElo "1761"]
[PlyCount "78"]
[EventDate "2023.09.22"]
[EventType "tourn"]
[EventRounds "1"]
[EventCountry "POL"]
[SourceDate "2023.09.29"]

1. d4 Nf6 2. c4 c5 3. d5 b5 4. cxb5 a6 5. bxa6 Bxa6 6. Nc3 d6 7. e4 Bxf1 8.
Kxf1 g6 9. Nf3 Bg7 10. g3 Nbd7 11. h3 O-O 12. Kg2 Qb6 13. Qe2 Rfb8 14. a4 Ne8
15. Bd2 Nc7 16. Rhb1 Qa7 17. Ra3 Rb7 18. Nd1 Qb8 19. Bc3 Rb3 20. Raa1 Bxc3 21.
Nxc3 Qb7 22. Qc2 Rb8 23. Ra2 Rb4 24. Nd1 Nf6 25. Nd2 Qa6 26. Nc3 Nd7 27. Ra3
Ne5 28. Na2 R4b7 29. f4 Qe2+ 30. Kg1 Nc4 31. Qxc4 Qxd2 32. Rd3 Qa5 33. b3 Nb5
34. Rb2 Qe1+ 35. Kg2 Nd4 36. Nc3 Rb4 37. Qa6 Rxb3 38. Rxb3 Rxb3 39. Qc4 Rb2+
0-1

[Event "278th YMCA Autumn A"]
[Site "Warsaw"]
[Date "2023.11.10"]
[Round "8"]
[White "Polak, Michal"]
[Black "Mazurek, Jerzy"]
[Result "1-0"]
[WhiteElo "1947"]
[BlackElo "1746"]
[PlyCount "69"]
[EventDate "2023.09.22"]
[EventType "tourn"]
[EventRounds "1"]
[EventCountry "POL"]
[SourceDate "2023.09.29"]

1. d4 d5 2. Nf3 Nf6 3. g3 e6 4. Bg2 b5 5. O-O Be7 6. Nbd2 O-O 7. Ne5 Bb7 8. a4
b4 9. c4 bxc3 10. bxc3 Nbd7 11. f4 c5 12. a5 Qc8 13. Qa4 Ba6 14. Re1 cxd4 15.
cxd4 Nxe5 16. fxe5 Ng4 17. e4 Qc3 18. Nf3 dxe4 19. Rxe4 Bb5 20. Qa2 f5 21. exf6
Rxf6 22. Bd2 Qd3 23. Rxg4 Bc4 24. Ne5 Bxa2 25. Nxd3 Bd5 26. Ne5 Bxg2 27. Kxg2
Bd6 28. Rf4 Bxe5 29. dxe5 Rxf4 30. Bxf4 a6 31. Rc1 Ra7 32. Be3 Rb7 33. Bb6 h6
34. Rc8+ Kh7 35. Re8 1-0

[Event "278th YMCA Autumn A"]
[Site "Warsaw"]
[Date "2023.11.09"]
[Round "8"]
[White "Kania, Tomasz"]
[Black "Liberadzki, Slawomir"]
[Result "1/2-1/2"]
[WhiteElo "1703"]
[BlackElo "1958"]
[PlyCount "39"]
[EventDate "2023.09.22"]
[EventType "tourn"]
[EventRounds "1"]
[EventCountry "POL"]
[SourceDate "2023.09.29"]

1. e4 c5 2. Nf3 e6 3. g3 d5 4. exd5 exd5 5. Bg2 Nf6 6. O-O Be7 7. d4 O-O 8.
dxc5 Na6 9. Be3 Nxc5 10. c3 Bg4 11. Nbd2 Qc8 12. Nb3 b6 13. Qd4 Bh3 14. Rfd1
Bxg2 15. Kxg2 Rd8 16. Qe5 Bd6 17. Qg5 Ne6 18. Qh4 Qb7 19. Nbd4 Bc5 20. Kg1 $11
1/2-1/2

[Event "278th YMCA Autumn A"]
[Site "Warsaw"]
[Date "2023.10.31"]
[Round "8"]
[White "Pettersson, Alexander"]
[Black "Pietrzak, Wojciech"]
[Result "1/2-1/2"]
[WhiteElo "1820"]
[BlackElo "1717"]
[PlyCount "89"]
[EventDate "2023.09.22"]
[EventType "tourn"]
[EventRounds "1"]
[EventCountry "POL"]
[SourceDate "2023.09.29"]

1. d4 Nf6 2. c4 c5 3. d5 b5 4. Nf3 g6 5. Qc2 d6 6. e4 b4 7. Bd3 Bg7 8. h3 O-O
9. O-O e5 10. dxe6 Bxe6 11. Re1 Nc6 12. Be3 Nd7 13. Nbd2 b3 14. axb3 Nb4 15.
Qb1 Bxb2 16. Ra4 Bg7 17. Bf1 Nb6 18. Ra3 f5 19. Bg5 Qb8 20. Bd3 f4 21. e5 Nxd3
22. Qxd3 dxe5 23. Be7 Bf5 24. Qd6 Rf7 25. Qxb8+ Rxb8 26. Bxc5 Rd7 27. Ne4 Rd3
28. Nd6 Bf8 29. Nxe5 Rxd6 30. Bxd6 Bxd6 31. Rxa7 Nc8 32. Ra6 Rxb3 33. Nf3 Kg7
34. Nd4 Rb6 35. Nxf5+ gxf5 36. Ra8 Rc6 37. Re8 Nb6 38. Ra7+ Kf6 39. Rxh7 Nxc4
40. Rh6+ Kf7 41. Ree6 Nd2 42. Rhf6+ Kg7 43. Rg6+ Kf7 44. Rgf6+ Kg7 45. Rg6+ $11
1/2-1/2

[Event "278th YMCA Autumn A"]
[Site "Warsaw"]
[Date "2023.11.10"]
[Round "8"]
[White "Kaniak, Monika"]
[Black "Choroszej, Aleksander"]
[Result "0-1"]
[WhiteElo "1796"]
[BlackElo "1878"]
[PlyCount "70"]
[EventDate "2023.09.22"]
[EventType "tourn"]
[EventRounds "1"]
[EventCountry "POL"]
[SourceDate "2023.09.29"]

1. d4 g6 2. c4 Bg7 3. Nc3 d6 4. e4 Nf6 5. Be2 O-O 6. Nf3 e5 7. O-O Nc6 8. d5
Ne7 9. b4 Nh5 10. Rb1 f5 11. Ng5 Nf6 12. Bd3 h6 13. Nf3 f4 14. c5 g5 15. Qb3
Ng6 16. a4 g4 17. Ne1 Kh8 18. g3 h5 19. Ng2 Nh7 20. Nb5 Ng5 21. gxf4 exf4 22.
Bb2 Nf3+ 23. Kh1 Be5 24. Bxe5+ Ngxe5 25. Qc3 a6 26. Nd4 Qf6 27. Nxf3 gxf3 28.
Ne1 Rf7 29. Bc2 Bg4 30. Bd1 Rg8 31. Rg1 Kh7 32. Nd3 Bh3 33. Rxg8 Kxg8 34. Ne1
Qg6 35. Bxf3 Rg7 0-1

[Event "278th YMCA Autumn A"]
[Site "Warsaw"]
[Date "2023.11.09"]
[Round "8"]
[White "Kasperkiewicz, Pawel"]
[Black "Sternik, Piotr"]
[Result "0-1"]
[WhiteElo "1784"]
[BlackElo "1829"]
[PlyCount "106"]
[EventDate "2023.09.22"]
[EventType "tourn"]
[EventRounds "1"]
[EventCountry "POL"]
[SourceDate "2023.09.29"]

1. d4 Nf6 2. c4 e6 3. Nc3 d5 4. Bg5 Be7 5. e3 c6 6. Nf3 Nbd7 7. Bd3 h6 8. Bh4
O-O 9. O-O Re8 10. a3 dxc4 11. Bxc4 b6 12. Qe2 Bb7 13. Rfd1 Nd5 14. Bg3 Nxc3
15. bxc3 Qc8 16. e4 c5 17. Bd3 Nf6 18. h3 c4 19. Bb1 b5 20. e5 Nd7 21. Nd2 Nb6
22. Ne4 Qc6 23. Re1 a5 24. Qc2 g6 25. Bf4 Kg7 26. Qc1 Rh8 27. f3 Nd5 28. Nd6
Bxd6 29. exd6 Nxf4 30. Qxf4 Rhd8 31. Qe5+ Kg8 32. Bxg6 Qxd6 33. Qf6 Qf8 34. Be4
Bd5 35. Rab1 Rab8 36. Bxd5 Rxd5 37. Re4 Rf5 38. Rg4+ Kh7 39. Qh4 Qxa3 40. Re1
Qd6 41. Rge4 Rg8 42. Re5 b4 43. Rxf5 exf5 44. Re5 bxc3 45. Qf4 Qg6 46. g4 c2
47. Kf2 fxg4 48. hxg4 Rb8 49. Re7 Kg7 50. Rc7 Rb2 51. Kg3 c1=Q 52. Qxc1 Qd6+
53. Qf4 Rg2+ 0-1

[Event "278th YMCA Autumn A"]
[Site "Warsaw"]
[Date "2023.11.15"]
[Round "8"]
[White "Makowski, Tomasz"]
[Black "Basiaga, Sebastian"]
[Result "1/2-1/2"]
[WhiteElo "1775"]
[BlackElo "1856"]
[PlyCount "87"]
[EventDate "2023.09.22"]
[EventType "tourn"]
[EventRounds "1"]
[EventCountry "POL"]
[SourceDate "2023.09.29"]

1. d4 d5 2. c4 c6 3. cxd5 cxd5 4. Nf3 Nf6 5. Nc3 Nc6 6. Bf4 Bf5 7. e3 a6 8. Bd3
Bxd3 9. Qxd3 e6 10. O-O Be7 11. Rac1 O-O 12. Ne5 Rc8 13. Nxc6 Rxc6 14. h3 Qd7
15. Rc2 Rfc8 16. Rfc1 b5 17. Nb1 Qb7 18. Nd2 Nd7 19. Nb3 Bd8 20. Nc5 Nxc5 21.
Rxc5 Be7 22. Rxc6 Rxc6 23. Rxc6 Qxc6 24. Qc3 Qxc3 25. bxc3 Ba3 26. Bc7 Kf8 27.
Ba5 Ke8 28. Kf1 Be7 29. Ke2 Kd7 30. Bb4 Bd8 31. Kd3 f5 32. Kd2 Kc6 33. Kc2 g6
34. Bf8 Bc7 35. Ba3 Kb6 36. Kb3 Bh2 37. f3 Bg1 38. Bc1 Bf2 39. Bd2 Bg3 40. Kc2
Bd6 41. Kb3 Bg3 42. Kc2 Bd6 43. Kb3 Bg3 44. Kc2 1/2-1/2

[Event "278th YMCA Autumn A"]
[Site "Warsaw"]
[Date "2023.11.30"]
[Round "9"]
[White "Sternik, Piotr"]
[Black "Makowski, Tomasz"]
[Result "0-1"]
[WhiteElo "1829"]
[BlackElo "1775"]
[PlyCount "82"]
[EventDate "2023.09.22"]
[EventType "tourn"]
[EventRounds "1"]
[EventCountry "POL"]
[SourceDate "2023.09.29"]

1. d4 d5 2. c4 e5 3. dxe5 d4 4. a3 Nc6 5. Nf3 Nge7 6. g3 Ng6 7. Bg2 Be6 8. b3
a5 9. O-O Qd7 10. Bb2 Bc5 11. Nbd2 Rd8 12. Ne4 b6 13. Qd2 Bh3 14. Nxc5 bxc5 15.
e3 Bxg2 16. Kxg2 O-O 17. exd4 cxd4 18. Rfe1 Rfe8 19. Rad1 Ngxe5 20. Qf4 Nxf3
21. Qxf3 Rxe1 22. Rxe1 f6 23. Rd1 Ne5 24. Qe4 c5 25. h3 Qc6 26. Qxc6 Nxc6 27.
f4 Rb8 28. Rd3 a4 29. b4 cxb4 30. axb4 Rxb4 31. Bxd4 a3 32. Bc5 a2 33. Ra3 Rb2+
34. Kf3 Rb3+ 35. Rxb3 a1=Q 36. Ra3 Qf1+ 37. Kg4 Qxc4 38. Ra8+ Kf7 39. Ba3 Qe2+
40. Kh4 g6 41. Rf8+ Kg7 0-1

[Event "278th YMCA Autumn A"]
[Site "Warsaw"]
[Date "2023.11.29"]
[Round "9"]
[White "Choroszej, Aleksander"]
[Black "Kasperkiewicz, Pawel"]
[Result "1-0"]
[WhiteElo "1878"]
[BlackElo "1784"]
[PlyCount "39"]
[EventDate "2023.09.22"]
[EventType "tourn"]
[EventRounds "1"]
[EventCountry "POL"]
[SourceDate "2023.09.29"]

1. d4 e6 2. c4 f5 3. Nc3 Bb4 4. g3 Nf6 5. Bg2 O-O 6. Nf3 Bxc3+ 7. bxc3 d6 8.
O-O Nc6 9. c5 dxc5 10. Ba3 Ne4 11. Qc2 Na5 12. Ne5 b6 13. Rad1 Qf6 14. f3 Nd6
15. f4 Ne4 16. dxc5 bxc5 17. Bxe4 fxe4 18. Bxc5 Rd8 19. Ng4 Qf5 20. Rxd8+ 1-0